Les 20 entraîneurs de Ligue 1 (2020) - Statistiques

Statistiques générales
  • Ce quiz a été pris 64 fois
  • Le résultat moyen est 11 sur 20
Statistiques - réponses
Club Entraîneur % Correct
Lyon Rudi Garcia
89%
Paris Thomas Tuchel
88%
Nice Patrick Vieira
81%
Lille Christophe Galtier
77%
Marseille André Villas-Boas
75%
Rennes Julien Stéphan
75%
Montpellier Michel Der Zakarian
72%
Saint-Etienne Claude Puel
65%
Angers Stéphane Moulin
65%
Brest Olivier Dall'Oglio
58%
Strasbourg Thierry Laurey
58%
Nantes Christian Gourcuff
49%
Bordeaux Paulo Sousa
46%
Monaco Robert Moreno
44%
Reims David Guion
39%
Metz Vincent Hognon
37%
Amiens Luka Elsner
32%
Nîmes Bernard Blaquart
30%
Dijon Stéphane Jobard
28%
Toulouse Denis Zanko
19%
Aucun quiz correspondant
Distribution des résultats
% des personnes avec chaque résultat
Percentile par nombre de réponses
Votre historique - résultats
Vous n’avez pas pris ce quiz